Citizen publications in China before the Internet /

Bibliographic Details
Main Author: Shao, Jiang, 1966- (Author)
Format: Book
Language:English
Published: New York, NY : Palgrave Macmillan, 2015.
Edition:First edition.
Subjects:

MARC

Tag First Indicator Second Indicator Subfields
LEADER 00000cam a2200000 i 4500
001 in00003531339
005 20151105232907.0
008 150102t20152015nyua b 001 0 eng
010 |a  2014045179 
020 |a 9781137492074  |q hardcover 
020 |a 1137492074  |q hardcover 
020 |z 9781137492081  |q electronic book 
020 |z 9781137492098  |q electronic book 
035 |a (OCoLC)ocn900158293 
035 |a (OCoLC)900158293 
040 |a DLC  |b eng  |e rda  |c DLC  |d YDX  |d BDX  |d OCLCF  |d BTCTA  |d YDXCP  |d OCLCO  |d UtOrBLW 
042 |a pcc 
043 |a a-cc--- 
049 |a TXAM 
050 0 0 |a PN5367.U5  |b S53 2015 
082 0 0 |a 895.109/0052  |2 23 
100 1 |a Shao, Jiang,  |d 1966-  |e author. 
245 1 0 |a Citizen publications in China before the Internet /  |c Shao Jiang. 
250 |a First edition. 
264 1 |a New York, NY :  |b Palgrave Macmillan,  |c 2015. 
264 4 |c © 2015 
300 |a xiii, 268 pages ;  |c 23 cm 
336 |a text  |b txt  |2 rdacontent 
337 |a unmediated  |b n  |2 rdamedia 
338 |a volume  |b nc  |2 rdacarrier 
504 |a Includes bibliographical references and index. 
505 0 |a Minkan as a way of resistance -- Re-emergence -- Polarities -- The democracy wall -- Development and transformation -- Conclusion. 
650 0 |a Underground literature  |z China  |y 20th century  |x History. 
650 0 |a Underground press publications  |z China  |y 20th century  |x History. 
650 7 |a Underground literature.  |2 fast  |0 (OCoLC)fst01160944 
650 7 |a Underground press publications.  |2 fast  |0 (OCoLC)fst01160984 
651 7 |a China.  |2 fast  |0 (OCoLC)fst01206073 
648 7 |a 1900 - 1999  |2 fast 
655 7 |a History.  |2 fast  |0 (OCoLC)fst01411628 
938 |a Brodart  |b BROD  |n 112051367 
938 |a Baker and Taylor  |b BTCP  |n BK0016502789 
938 |a YBP Library Services  |b YANK  |n 12244837 
947 |a A14842895212 
945 |a PromptCat  |b 267349 
946 |a stk 
994 |a 92  |b TXA 
948 |a Cataloged  |b h  |c 2015/7/30  |d c  |e AReeder 
999 |a MARS 
999 f f |s 48eab083-7606-3868-8327-36a59fb550c5  |i 18c0f836-0db5-3ce7-8bb4-a398543747e0  |t 0 
952 f f |p normal  |a Texas A&M University  |b College Station  |c Sterling C. Evans Library  |d Evans: Library Stacks  |t 0  |e PN5367.U5 S53 2015  |h Library of Congress classification  |i unmediated -- volume  |m A14842895212 
998 f f |a PN5367.U5 S53 2015  |t 0  |l Evans: Library Stacks